00493nam a22001577a 4500003000200000005001700002008004100019020002200060050002600082100002300108245005300131260004400184300002200228504004200250650004300292020230811134210.0230811b xxu||||| |||| 00| 0 eng d a978-971-555-704-7 aPL 5530.6 b.R49 2022 aReyes, Soledad S.  aBalik-tanaw : the road taken cSoledad S. Reyes aManilabDe La Salle University cc2022. a294 p. ;c18 cm.  aIncludes bibliographical references.  aWomen authors, Filipino -- Biography.